Occasional Papers (Record no. 119415)

MARC details
000 -LEADER
fixed length control field 00794cas a22002175a 4500
001 - CONTROL NUMBER
control field L159509
008 - FIXED-LENGTH DATA ELEMENTS--GENERAL INFORMATION
fixed length control field 020703c1992 xxktr p a eng u
035 ## - SYSTEM CONTROL NUMBER
System control number (Sirsi) u159509
041 0# - LANGUAGE CODE
Language code of text/sound track or separate title eng
110 2# - MAIN ENTRY--CORPORATE NAME
Corporate name or jurisdiction name as entry element Land Trusts Association
9 (RLIN) 3224
245 ## - TITLE STATEMENT
Title Occasional Papers
260 ## - PUBLICATION, DISTRIBUTION, ETC.
Place of publication, distribution, etc. Oxon
Name of publisher, distributor, etc. RICS
Date of publication, distribution, etc. 1992-2013
362 0# - DATES OF PUBLICATION AND/OR SEQUENTIAL DESIGNATION
Dates of publication and/or sequential designation October 1992 - February 2013
520 ## - SUMMARY, ETC.
Summary, etc. Occasional paper no. 1 - October 1992, no. 2 - Oct 1993, no. 3 - Nov 1994, no. 4 - Nov 1995, no. 5 - Spring 1997, no. 6 - Nov 1998, no. 7 - Sep 2000, no. 8 - Apr 2002, no. 9 - Nov 2004, no. 10 - Jan 2007, no. 11 - Jan 2010, no. 12 - Jul 2012, Nov 2012, Feb 2013.
650 ## - SUBJECT ADDED ENTRY--TOPICAL TERM
Topical term or geographic name entry element CHARITABLE LAND TRUSTS
650 24 - SUBJECT ADDED ENTRY--TOPICAL TERM
Topical term or geographic name entry element LANDOWNERSHIP
650 ## - SUBJECT ADDED ENTRY--TOPICAL TERM
Topical term or geographic name entry element LAND MANAGEMENT
651 #4 - SUBJECT ADDED ENTRY--GEOGRAPHIC NAME
Geographic name LONDON
690 ## - LOCAL SUBJECT ADDED ENTRY--TOPICAL TERM (OCLC, RLIN)
Topical term or geographic name as entry element Rural
9 (RLIN) 6268
942 ## - ADDED ENTRY ELEMENTS (KOHA)
Suppress in OPAC 0
Holdings
Withdrawn status Lost status Source of classification or shelving scheme Damaged status Not for loan Home library Current library Shelving location Date acquired Total Checkouts Full call number Barcode Date last seen Price effective from Koha item type
    Dewey Decimal Classification     London London Basement 07/08/2017   LAND TRUSTS ASS. - OCCASIONAL PAPERS 159509-1001 06/08/2019 06/08/2019 Journal